Загрузка...
Discourse concepts in the social science
| Главный автор: | |
|---|---|
| Формат: | Printed Book |
| Язык: | English |
| Предметы: |
| LEADER | 00521nam a22001457a 4500 | ||
|---|---|---|---|
| 008 | 130722b xxu||||| |||| 00| 0 eng d | ||
| 020 | |a 9788176492744 | ||
| 082 | |a 401.41 HOW | ||
| 100 | |a Howarth, David | ||
| 245 | |a Discourse |b concepts in the social science |c David Howarth | ||
| 300 | |a 166p. | ||
| 650 | |a Linguistics | ||
| 942 | |2 ddc |c BK | ||
| 999 | |c 1627 |d 1627 | ||
| 952 | |0 0 |1 0 |2 ddc |4 0 |6 401_410000000000000_HOW |7 0 |9 1794 |a MAIN |b MAIN |d 2013-07-22 |e Poorna publications |g 135.00 |l 1 |o 401.41 HOW |p 1862 |r 2017-05-11 |s 2016-10-07 |w 2013-07-22 |y BK | ||